000 01210nam a2200241Ia 4500
003 Ost
005 20260507075037.0
008 260507s9999||||xx |||||||||||||| ||und||
020 _a99574021267
040 _cfsecg
041 _aara
082 _a330
100 _aالجمل، جمال جويدان
_eمؤلف
245 0 _aالأسواق المالية والنقدية /
_c جمال جويدان الجمل
260 _aعمان:
_bدار صفاء للنشر,
_c2002
300 _a304 صفحة؛
_bإيضاحات ؛
_c24 سم
504 _aببلوغرافيا ص. 304
520 _aطبيعة وأهمية الأسواق المالية والنقدية-عناصر السوق المالي والنقدي-الأسواق المالية والنقدية المتقدمة-الأسواق المالية والنقدية الأخرى-سوق عمان المالي-أدوات الاستثمار في الأسواق المالية والنقدية-ادارة المخاطر المالية في الأسواق المالية والنقدية-مؤشرات السوق المالي
653 _aالاستثمار
653 _aالأسواق المالية
653 _aالنقود
942 _cكتاب
999 _c42473
_d42473